| 000 | 00868nac a22002291u 4500 | ||
|---|---|---|---|
| 010 | _a 95013097 | ||
| 020 | _a087436776X (cloth : alk. paper) | ||
| 082 | 0 | 0 |
_a302.230973 _bHOL |
| 090 |
_c9982 _d9982 |
||
| 100 | _aHollis, Daniel Webster | ||
| 245 | 1 | 4 |
_aThe ABC-CLIO companion to the media in America / _cDaniel Webster Hollis, III. |
| 246 | 3 | 0 | _aMedia in America |
| 260 |
_aSanta Barbara, Calif. : _bABC-CLIO,1995. _cc1995. |
||
| 300 |
_axiii, 352 p. : _bill. ; _c27 cm. |
||
| 440 | 0 | _aABC-CLIO companions to key issues in American history and life | |
| 500 | _aDonations - AUC. | ||
| 500 | _aDonations. | ||
| 504 | _aIncludes bibliographical references (p. 327-333) and index. | ||
| 511 | _aCatalogued by: Sara. | ||
| 650 | 0 |
_aMass media _zUnited States _xHistory _xHandbooks, manuals, etc. |
|
| 942 |
_cBB _k302.230973HOL |
||
| 999 |
_c9982 _d9982 |
||